LEADER 01807nam a2200373 a 4500
001 45818
003 BD-DhAAL
005 20260520171504.0
008 260520t2013 nyua b 001 0 eng c
010 |a  2012037621 
020 |a 9780801452000 
035 |a 17464835 
040 |a NIC/DLC  |c NIC  |d DLC  |d BD-DhAAL 
042 |a pcc 
043 |a a-ja--- 
050 0 0 |a HV555.J3  |b S26 2013 
082 0 0 |a 363.3494809529  |2 23 
100 1 |a Samuels, Richard J.  |9 60567 
245 1 0 |a 3.11 :  |b disaster and change in Japan /  |c Richard J. Samuels. 
246 3 |a Three eleven 
260 |a Ithaca :  |b Cornell University Press,  |c 2013. 
300 |a xv. 274 pages :  |b illustrations ;  |c 24 cm 
504 |a Includes bibliographical references and index. 
526 8 |a AAL 
541 1 |a Donated by Embassy of Japan in Bangladesh, Read Japan Project 2025, The Tokyo Foundation, supported by The Nippon Foundation.  |e 45818 
650 0 |a Disaster relief  |x Political aspects  |z Japan.  |9 60937 
650 0 |a Tohoku Earthquake and Tsunami, Japan, 2011  |x Political aspects.  |9 60938 
650 0 |a Social sciences. 
650 0 |a Fukushima Nuclear Disaster, Japan, 2011  |x Political aspects.  |9 60939 
651 0 |a Japan  |x Politics and government  |y 21st century.  |9 60849 
852 1 |a Ayesha Abed Library  |c General Stacks 
942 |2 ddc  |c BK 
999 |c 48003  |d 48003 
952 |0 0  |1 0  |2 ddc  |4 0  |6 363_349480952900000_SAM  |7 0  |9 79250  |a BRACUL  |b BRACUL  |d 2026-05-20  |e Donated by Embassy of Japan in Bangladesh, Read Japan Project 2025, The Tokyo Foundation, supported by The Nippon Foundation.  |l 0  |o 363.3494809529 SAM  |p 3010045818  |r 2026-05-20  |t 1  |w 2026-05-20  |y BK  |x Donated copy received from Embassy of Japan in Bangladesh, Read Japan Project 2025, The Tokyo Foundation, supported by The Nippon Foundation on 08 April 2026; $29.95 Price available in the Book